| 000 | 00425nam a22001571a 4500 | ||
|---|---|---|---|
| 082 |
_a954 _bSYE/O |
||
| 245 |
_aAn outline of the cultural history of India/ _cby Syed Abdul Latif (ed.) |
||
| 250 | _a2nd ed. | ||
| 260 |
_aNew Delhi: _bMunshiram Manoharlal, _c1979. |
||
| 300 | _a364p. | ||
| 650 | _aCultural History India | ||
| 650 | _aHistory India | ||
| 650 | _aHistory | ||
| 700 | _aSyed Abdul Latif (ed.) | ||
| 942 | _cBK | ||
| 999 |
_c32709 _d32709 |
||